Normal view
MARC view
- Trucks
Entry Topical Term
001 - CONTROL NUMBER
- control field: 23006
003 - CONTROL NUMBER IDENTIFIER
- control field: NUST
005 - DATE AND TIME OF LATEST TRANSACTION
- control field: 20191008095930.0
008 - FIXED-LENGTH DATA ELEMENTS
- fixed length control field: 191008|| aca||aabn | a|a d
040 ## - CATALOGING SOURCE
- Original cataloging agency: NUST
- Transcribing agency: NUST
150 ## - HEADING--TOPICAL TERM
- Topical term or geographic name entry element: Trucks
- General subdivision: Weight
- General subdivision: Evaluation.
670 ## - SOURCE DATA FOUND
- Source citation: Work cat.: (NUST)0: Fu, Gongkang. 23002, Bridge rating practices and policies for overweight vehicles /, 2006.
